Arxius i arxivers manresans / Josep M. Gasol
Descripción Física:
30 p. ; 23 cm
Colección:
Quaderns del Centre d'Estudis del Bages, 4
Otros Autores:
Centre d'Estudis del Bages
Materias:
Arxius -- Manresa
MARC
| LEADER | 00000nam a2200000Ia 4500 | ||
|---|---|---|---|
| 001 | 9165 | ||
| 008 | 160829s1990 xx 000 0 cat d | ||
| 080 | |a FU-9-69 | ||
| 100 | 1 | |a Gasol, Josep M. |q (Josep Maria), |d 1924-2018 |9 21229 | |
| 245 | |a Arxius i arxivers manresans / Josep M. Gasol | ||
| 260 | |a Manresa : |b Centre d'Estudis del Bages, |c 1990 | ||
| 300 | |a 30 p. ; |c 23 cm | ||
| 490 | |a Quaderns del Centre d'Estudis del Bages, 4 | ||
| 590 | |a Text de la dissertació del M. I. Dr. J. M. Gasol, ... amb motiu de la seva jubilació en el càrrec de director de l'Arxiu Històric de la Ciutat. | ||
| 590 | |a Hi ha un duplicat: R. 9368, DUP-21-44 | ||
| 650 | |a Arxius |x Manresa |9 24849 | ||
| 700 | |a Centre d'Estudis del Bages |9 22441 | ||
| 901 | |a Arxiu | ||
| 942 | |n 1 | ||
| 952 | |0 0 |1 0 |4 0 |6 FU969 |7 1 |9 43342 |a Arxiu |b Arxiu |d 2016-12-01 |l 0 |o FU-9-69 |p 9165 |r 2016-12-01 00:00:00 |w 2016-12-01 |y ARXIU | ||
| 999 | |c 45887 |d 45887 | ||